| 000 | 01134nam a22003135i 4500 | ||
|---|---|---|---|
| 999 |
_c28166 _d28137 |
||
| 003 | EG-ScBUE | ||
| 005 | 20200223111712.0 | ||
| 008 | 200219s2016 ua a f 000 0 eng d | ||
| 020 | _a9789775285584 | ||
| 040 |
_aEG-ScBUE _beng _erda _cEG-ScBUE _dEG-ScBUE |
||
| 041 | 0 |
_aeng _aara |
|
| 082 | 0 | 4 |
_a615.1903 _bEXT _222 |
| 100 | 1 |
_aHassan, Farouk Hassan Farouk, _eauthor. |
|
| 245 | 1 | 0 |
_aExtemporaneous preparations / _cprepared & edited Dr. Farouk Hassan Farouk Hassan, Dr. Ahmed G. El-Sherif, Dr. Ahmed Ramadan Tag El-Din. |
| 246 | 3 | 3 | _aقاموس التركيبات الصيدلانية |
| 250 | _aFirst edition. | ||
| 264 | 1 |
_aGiza, Egypt : _bArab Foundation for Science and Culture, _c2016. |
|
| 300 |
_a235 pages : _billustrations ; _c24 cm |
||
| 336 |
_atext _btxt _2rdacontent |
||
| 337 |
_aunmediated _bn _2rdamedia |
||
| 338 |
_avolume _bnc _2rdacarrier |
||
| 650 | 7 |
_aPharmacy _vDictionaries. _2BUEsh |
|
| 650 | 7 |
_a Drugs _vDictionaries. _2BUEsh |
|
| 653 |
_bPPhrm _cFebruary2020 |
||
| 700 | 1 |
_aSherif, Ahmed G., _eauthor. |
|
| 700 | 1 |
_aTag El-Din, Ahmed Ramadan, _eauthor. |
|
| 942 |
_2ddc _cBB |
||